Welcome to the Holygrace Academy Library

Please use search bar below to get started

WHY ANSWERS TO EVERYTHING (Record no. 2679)

MARC details
000 -LEADER
fixed length control field 00286nam a22001217a 4500
082 ## - DEWEY DECIMAL CLASSIFICATION NUMBER
Classification number 001
Item number BOY/W
100 ## - MAIN ENTRY--AUTHOR NAME
Personal name BOYER,CRISPIN
245 ## - TITLE STATEMENT
Title WHY ANSWERS TO EVERYTHING
260 ## - PUBLICATION, DISTRIBUTION, ETC. (IMPRINT)
Place of publication WASHINGTON
Name of publisher NATIONAL GEOGRAPHIC
300 ## - PHYSICAL DESCRIPTION
Number of Pages 223
650 ## - SUBJECT ADDED ENTRY--TOPICAL TERM
Topical Term GENERAL KNOWLEDGE
Geographic subdivision WASHINGTON
942 ## - ADDED ENTRY ELEMENTS (KOHA)
Koha item type Books
Holdings
Withdrawn status Lost status Collection code Home library Current library Shelving location Date acquired Source of acquisition Full call number Accession Number Koha item type
    Reference Main Library Main Library   23/09/2023 PURCHASE 001 BOY/W 10230 Books